00306nam a22001337a 4500003000500000038001100005082001300016100002100029245004400050250001300094260003700107300001300144500001500157NUST awaseem a909bTOY aToynbee, Arnold  aA study of History /cArnold J. Toynbee aVolume I aU.S.A :bDell Publishing,c1981. a701 p. ; aPaperback.